000 00582nam a22002297a 4500
003 UA-OsUOA
001 98390
007 ta
008 20130415b un ||||| |||| 00| 0 ukr d
100 _aПопович П.
090 _a821.161.1
_bП85
942 _cBK
040 _aUA-OsUOA
_bukr
_cUA-OsUOA
_dUA-OsUOA
245 _aПоклик Галактики
300 _a389 с.
955 _a3
041 _aukr
080 _a821.161.1
260 _aК.
_bМолодь
_c1975
650 7 _a82 Література. Літературознавство
_2UDC
999 _c385029
_d385029